| 000 | 00752nam a2200241Ia 4500 | ||
|---|---|---|---|
| 003 | OSt | ||
| 005 | 20221005111619.0 | ||
| 006 | a|||||r|||| 00| 0 | ||
| 007 | ta | ||
| 008 | 221004b |||||||| |||| 00| 0 hin d | ||
| 024 | _a29786 | ||
| 037 | _cTextual | ||
| 040 |
_aCRL _cCRL _bhin |
||
| 041 |
_2hin _ahin |
||
| 082 | _aW, 152L7 | ||
| 100 | _aसिंह, वीरकेश्वर | ||
| 245 | 0 | _aराजनीतिक सिद्धान्त | |
| 246 | _aRājanītik siddhānta | ||
| 260 |
_aपटना _bज्ञानदा प्रकाशन भारत _c1977 |
||
| 300 |
_a780पृ. _ccm. |
||
| 942 |
_hW, 152L7 _cTEXL _2cc |
||
| 999 |
_c1022355 _d1022355 |
||